000 00381nam a22001337a 4500
008 170321b xxu||||| |||| 00| 0 eng d
020 _a9781308281452
050 _aHG 106
_b.S67 2014
245 _aQuantitave Analysis for Finance
_cNonna Sorokina
260 _aUSA
_bMcGrawHill
_c2014
300 _aiv,424p
_c29cm
500 _apublishes for wake forest university
942 _2lcc
_cBK
999 _c49562
_d49562